Načítá se...

Financial and administrative accounting/2e

Podrobná bibliografie
Hlavní autor: Smith, Aubrey C.
Další autoři: Ashburne, Jim G.
Médium: Printed Book
Jazyk:English
Vydáno: New York McGraw Hill 1960
Vydání:2nd ed
Edice:McGraw Hill accounting series edited by Norton M. Bedford
Témata:
LEADER 00786nam a22002057a 4500
005 20151215125311.0
008 091123t xxu||||| |||| 00| 0 eng d
082 |a 657.3  |b SMI 
100 |a Smith, Aubrey C.  |9 20428 
245 |a Financial and administrative accounting/2e 
250 |a 2nd ed 
300 |a x, 640p. 
490 |a McGraw Hill accounting series edited by Norton M. Bedford 
653 |a Financial accounting 
700 |a Ashburne, Jim G.  |9 10524 
942 |c BK  |6 _ 
260 |b McGraw Hill  |c 1960  |a New York 
999 |c 101266  |d 101266 
952 |0 0  |1 0  |2 ddc  |4 0  |6 6573_SMI  |7 0  |9 127716  |a SMS  |b SMS  |c GEN  |d 2009-11-23  |o 657.3 SMI  |p SMS006192  |r 2009-11-23  |w 2009-11-23  |y BK 
952 |0 0  |1 0  |2 ddc  |4 0  |6 65748_SMI  |7 0  |9 127717  |a SMS  |b SMS  |c GEN  |d 2010-12-08  |o 657.48 SMI  |p SMS001096  |r 2010-12-08  |w 2010-12-08  |y BK